[Event "Let's Play Chess!"]
[Site "http://www.queenalice.com/game.php?id=139122"]
[Date "2006.12.9"]
[Round "-"]
[White "Mgustavo"]
[Black "CampbellMarcel"]
[Result "1-0"]
[WhiteElo "1908"]
[BlackElo "467"]

1. e4 d5 2. e5 e6 3. Bb5+ c6 4. Bf1 Bc5 5. Qg4 g6 6. d4 Be7 7. Nc3 Bb4 8. Bd2
Bxc3 9. Bxc3 Nh6 10. Qf3 Nf5 11. O-O-O Nh4 12. Qh3 Nf5 13. Nf3 h5 14. g4 Ng7 15.
Bd3 Kd7 16. g5 Nf5 17. Bxf5 exf5 18. Qg3 Na6 19. h4 Re8 20. Qf4 Re6 21. Qd2 b6
22. Rhe1 Kc7 23. Kb1 Rb8 24. Rc1 Kb7 25. Qd3 Ka8 26. Nd2 b5 27. Nb3 b4 28. Bd2
Qb6 29. Bf4 c5 30. dxc5 Nxc5 31. Qxd5+ Nb7 32. Nd4 a5 33. Nxe6 fxe6 34. Qf3 a4
35. Red1 Ka7 36. Be3 Nc5 37. Rd6 Qb5 38. Rc6 Bb7 39. Rxc5 1-0

[Event "Let's Play Chess!"]
[Site "http://www.queenalice.com/game.php?id=139249"]
[Date "2006.12.10"]
[Round "-"]
[White "Morti"]
[Black "Mgustavo"]
[Result "0-1"]
[WhiteElo "1887"]
[BlackElo "1892"]

1. e4 c5 2. Nf3 e6 3. d4 cxd4 4. Nxd4 Bb4+ 5. c3 Be7 6. Bd3 e5 7. Nb3 Nf6 8. O-O
O-O 9. Bg5 Nc6 10. f4 exf4 11. Bxf6 Bxf6 12. Rxf4 Be5 13. Rf1 Qb6+ 14. Kh1 Nb4
15. Bc4 Qh6 16. h3 Nc6 17. Qf3 Bf6 18. Na3 d6 19. Rad1 Ne5 20. Qg3 Bh4 21. Qf4
Bg5 22. Qg3 Bg4 23. Nd4 Bxd1 24. Rxd1 Bh4 25. Nf5 Bxg3 26. Nxh6+ gxh6 27. Be2
Ng6 28. Nc4 Rad8 29. a4 Rfe8 30. Bf3 Bf4 31. b4 f6 32. a5 Ne5 33. Bh5 Nxc4 0-1

[Event "Let's Play Chess!"]
[Site "http://www.queenalice.com/game.php?id=140349"]
[Date "2006.12.13"]
[Round "-"]
[White "Mgustavo"]
[Black "chalachalom"]
[Result "0-1"]
[WhiteElo "1837"]
[BlackElo "1784"]

1. Nc3 d5 2. e4 d4 3. Nd5 c6 4. Nf4 e5 5. Nd3 Nf6 6. Qe2 Nbd7 7. Nf3 Bd6 8. Ng5
Nc5 9. Nxc5 Bxc5 10. Qc4 Qe7 11. c3 h6 12. Nf3 Nxe4 13. Qe2 Bf5 14. d3 Nf6 15.
Nxe5 O-O 16. Bf4 Rfe8 17. Bg3 Bd6 18. cxd4 c5 19. f4 Ng4 20. dxc5 Bxe5 21. fxe5
Nxe5 22. d4 Nd3+ 23. Kd1 Qd7 24. Qc2 Qxd4 25. Bxd3 Bxd3 26. Qf2 Qxf2 27. Bxf2
Re2 28. Bd4 Rd8 29. Bc3 Rxg2 30. h4 Rc2 31. Rg1 f6 32. Bxf6 Rd7 33. b4 Be4+ 34.
Ke1 Rf7 35. Bd4 Rg2 36. Rxg2 Bxg2 37. Ke2 Rf4 38. Be3 Rxb4 39. Bf2 Kf7 0-1

[Event "Let's Play Chess!"]
[Site "http://www.queenalice.com/game.php?id=144349"]
[Date "2006.12.21"]
[Round "-"]
[White "ender"]
[Black "Mgustavo"]
[Result "1-0"]
[WhiteElo "2041"]
[BlackElo "1845"]

1. d4 d5 2. Bg5 f6 3. Bh4 Nc6 4. e3 e5 5. Bb5 exd4 6. Qxd4 Ne7 7. Nc3 Be6 8.
O-O-O a6 9. Bxc6+ Nxc6 10. Qd2 Bb4 11. Nge2 Qe7 12. Nd4 Nxd4 13. exd4 Bxc3 14.
Qxc3 O-O-O 15. Rhe1 Rhe8 16. Re3 Qd6 17. Qa5 g5 18. Bg3 Qd7 19. Bxc7 Qxc7 20.
Rc3 Qxc3 21. bxc3 Bg4 22. f3 Bf5 23. Qc5+ Kb8 24. Qb6 Rf8 25. Kd2 Bc8 26. Re1
Ka8 27. Re7 Bd7 28. Qc7 Bc6 29. Rxh7 Rb8 30. Rf7 Rfc8 31. Qg3 Rf8 32. Rxf8 Rxf8
33. Qd6 Rf7 34. Qe6 Rf8 35. Qe7 Rg8 36. Qxf6 Bb5 37. g4 Bc4 38. a4 Re8 39. Qxg5
Re2+ 40. Kc1 Rxh2 41. Qd8+ 1-0

[Event "Toot Toot!"]
[Site "http://www.queenalice.com/game.php?id=144482"]
[Date "2006.12.21"]
[Round "-"]
[White "loinburger"]
[Black "Mgustavo"]
[Result "0-1"]
[WhiteElo "1775"]
[BlackElo "1826"]

1. e4 e5 2. Nf3 Nc6 3. Bb5 Qf6 4. d3 Bb4+ 5. c3 Be7 6. O-O Nh6 7. h3 O-O 8. Bg5
Qe6 9. Bc4 Qd6 10. Bd5 Bxg5 11. Nxg5 Ne7 12. Bc4 c6 13. a4 Qf6 14. Nf3 d5 15.
Bb3 Be6 16. Nbd2 Ng6 17. Re1 dxe4 18. Nxe4 Qe7 19. Bxe6 Qxe6 20. Neg5 Qf6 21.
Qd2 Nf5 22. Re2 Nf4 23. Rxe5 Nh4 24. g3 Nxh3+ 25. Kf1 Nxf3 0-1

[Event "Let's Play Chess!"]
[Site "http://www.queenalice.com/game.php?id=144551"]
[Date "2006.12.21"]
[Round "-"]
[White "Mgustavo"]
[Black "fernandosoares"]
[Result "1-0"]
[WhiteElo "1870"]
[BlackElo "1143"]

1. e4 d6 2. Nf3 e5 3. Bb5+ c6 4. Bd3 f6 5. O-O g5 6. Nc3 Bh6 7. Be2 c5 8. Nb5 a6
9. Nc3 b5 10. Nd5 Nc6 11. c4 Nb4 12. Nxb4 cxb4 13. cxb5 axb5 14. Bxb5+ Bd7 15.
Bxd7+ Qxd7 16. d4 1-0

[Event "Let's Play Chess!"]
[Site "http://www.queenalice.com/game.php?id=144958"]
[Date "2006.12.22"]
[Round "-"]
[White "Mgustavo"]
[Black "Nostradamus"]
[Result "1-0"]
[WhiteElo "1844"]
[BlackElo "1874"]

1. d4 d5 2. Nc3 Nf6 3. Nf3 g6 4. Bg5 Bg7 5. Bxf6 Bxf6 6. Qd2 O-O 7. O-O-O a6 8.
e4 dxe4 9. Nxe4 Bg7 10. Ne5 Bxe5 11. dxe5 Qxd2+ 12. Rxd2 Nc6 13. f4 Bf5 14. Nc5
b5 15. g4 Bxg4 16. Bg2 Rad8 17. Bxc6 Rxd2 18. Kxd2 Rd8+ 19. Kc3 a5 20. Bxb5 Rd5
21. Kc4 e6 22. Rg1 Bf5 23. Nd3 Kg7 24. Bc6 Rd8 25. Kb5 Bxd3+ 26. cxd3 Rxd3 27.
Kxa5 1-0

[Event "Let's Play Chess!"]
[Site "http://www.queenalice.com/game.php?id=145612"]
[Date "2006.12.24"]
[Round "-"]
[White "Mgustavo"]
[Black "kaikovisk"]
[Result "0-1"]
[WhiteElo "1839"]
[BlackElo "2037"]

1. e4 e5 2. Nf3 Nc6 3. Nc3 Nf6 4. d4 exd4 5. Nxd4 Nxd4 6. Qxd4 d6 7. Bg5 Be7 8.
O-O-O Bd7 9. e5 dxe5 10. Qxe5 O-O 11. Ne4 Re8 12. Bxf6 Bxf6 13. Nxf6+ gxf6 14.
Qg3+ Kh8 15. Qb3 b6 16. Bb5 Re7 17. Qa4 a6 18. Bxd7 Qf8 19. Qc6 Rd8 20. Qxf6+
Kg8 0-1

[Event "Let's Play Chess!"]
[Site "http://www.queenalice.com/game.php?id=145618"]
[Date "2006.12.27"]
[Round "-"]
[White "CWynn"]
[Black "Mgustavo"]
[Result "1-0"]
[WhiteElo "1960"]
[BlackElo "1880"]

1. e4 c5 2. Nf3 Nc6 3. d4 cxd4 4. Nxd4 Nxd4 5. Qxd4 d6 6. Nc3 e5 7. Qa4+ Bd7 8.
Qb3 Qc8 9. Be3 Be6 10. Bb5+ Bd7 11. O-O-O Nf6 12. f3 Be7 13. g4 O-O 14. g5 Ne8
15. Nd5 Bd8 16. h4 Bxb5 17. Qxb5 Nc7 18. Nxc7 Qxc7 19. Qd3 Be7 20. h5 Rfc8 21.
Rd2 Qd8 22. Rg2 Qc7 23. g6 Qc4 24. Qxc4 Rxc4 25. gxh7+ Kxh7 26. Rhg1 Bf6 27. Bg5
Bxg5+ 28. Rxg5 1-0

[Event "alfil"]
[Site "http://www.queenalice.com/game.php?id=146833"]
[Date "2006.12.27"]
[Round "-"]
[White "ray"]
[Black "Mgustavo"]
[Result "0-1"]
[WhiteElo "1595"]
[BlackElo "1864"]

1. c4 Nf6 2. Nc3 Nc6 3. d4 e5 4. d5 Nd4 5. Be3 c5 6. Nf3 d6 7. g3 Be7 8. Bg2 O-O
9. O-O Bf5 10. Nh4 Bd7 11. Bg5 Nxd5 12. Bxd5 Bxg5 13. Ng2 Qb6 14. Ne4 Be7 15. e3
Ne6 16. b3 f5 17. Nc3 Kh8 0-1

[Event "Let's Play Chess!"]
[Site "http://www.queenalice.com/game.php?id=147115"]
[Date "2006.12.28"]
[Round "-"]
[White "Mgustavo"]
[Black "pcescritor"]
[Result "0-1"]
[WhiteElo "1910"]
[BlackElo "1560"]

1. e4 e6 2. d4 Qe7 3. Nc3 b6 4. Nf3 Bb7 5. Bd3 Qf6 6. O-O h6 7. Qe1 Nc6 8. e5
Qe7 9. Be3 Nb4 10. Nb5 O-O-O 11. Nxa7+ Kb8 12. Nb5 Ba6 13. Qc3 Nd5 14. Qd2 f6
15. exf6 gxf6 16. Bf4 d6 17. Rfe1 Qg7 18. Rxe6 Nge7 19. Rae1 Rg8 20. Bg3 h5 21.
Bc4 f5 22. Nxd6 f4 23. Bxd5 Nxd5 24. Nf5 Qg4 25. Ne5 Qxf5 26. Nc6+ Ka8 27. Nxd8
fxg3 28. hxg3 h4 29. R6e5 Qg6 30. Rxd5 Qh7 31. Ne6 Ka7 32. gxh4 Qxh4 33. Nxc7
Rh8 34. f4 Qh1+ 35. Kf2 Qh4+ 36. Kf3 Be7 37. Nxa6 Kxa6 38. Qe2+ Kb7 39. Qxe7+
Ka6 40. Qa3+ Kb7 0-1

[Event "Let's Play Chess!"]
[Site "http://www.queenalice.com/game.php?id=147511"]
[Date "2006.12.30"]
[Round "-"]
[White "raquca"]
[Black "Mgustavo"]
[Result "1-0"]
[WhiteElo "1863"]
[BlackElo "1819"]

1. e4 c5 2. Nf3 Nc6 3. Bb5 Nf6 4. d3 d5 5. exd5 Nxd5 6. Ne5 Qa5+ 7. c3 Qxb5 8.
c4 Qb4+ 9. Kf1 Nxe5 10. cxd5 Bf5 11. Nc3 Bxd3+ 12. Kg1 O-O-O 13. a3 Qc4 14. Be3
e6 15. dxe6 Qxe6 16. Qa4 Nc4 17. Re1 Nxb2 18. Qxa7 Bd6 19. Qa8+ Kc7 20. Qa5+ Kc6
21. Na4 Nxa4 22. Qxa4+ b5 23. Qa6+ Kd5 24. Qb7+ Kc4 25. Rc1+ Kb3 26. Qf3 1-0

[Event "Let's Play Chess!"]
[Site "http://www.queenalice.com/game.php?id=149710"]
[Date "2007.1.4"]
[Round "-"]
[White "Mgustavo"]
[Black "claudiopsi"]
[Result "0-1"]
[WhiteElo "1867"]
[BlackElo "2075"]

1. d4 Nf6 2. Nf3 g6 3. Nc3 Bg7 4. e4 d6 5. Bb5+ c6 6. Bd3 O-O 7. O-O Bg4 8. Be3
Nbd7 9. h3 Bxf3 10. Qxf3 Kh8 11. Rab1 e5 12. d5 cxd5 13. exd5 a6 14. Rfe1 Rc8
15. Kh1 Nc5 16. Bxc5 Rxc5 17. Ne4 Nxe4 18. Qxe4 f5 19. Qb4 e4 20. Be2 Rxc2 21.
Qxb7 a5 22. Qb3 Qc7 23. Qe3 Qb7 24. b4 axb4 25. Qb3 Rfc8 0-1

[Event "Let's Play Chess!"]
[Site "http://www.queenalice.com/game.php?id=150577"]
[Date "2007.1.5"]
[Round "-"]
[White "Dalri_Ultreya"]
[Black "Mgustavo"]
[Result "0-1"]
[WhiteElo "1500"]
[BlackElo "1890"]

1. e4 c5 2. Bc4 Nc6 3. Nc3 Ne5 4. Bb5 a6 5. Ba4 b5 6. d4 cxd4 7. Qxd4 Nc6 8. Qd3
bxa4 9. Nxa4 Qa5+ 10. Nc3 Nb4 11. Qd2 f5 12. f3 fxe4 13. fxe4 Nf6 14. Nge2 Nxe4
15. Qd1 e5 16. O-O Bc5+ 17. Rf2 Nxf2 18. Qf1 O-O 19. Qxf2 Rxf2 20. Ne4 Rxe2+ 21.
Kf1 Rxe4 22. b3 Nxc2 23. Bb2 Qb5# 0-1

[Event "Let's Play Chess!"]
[Site "http://www.queenalice.com/game.php?id=150897"]
[Date "2007.1.6"]
[Round "-"]
[White "NooBzIn"]
[Black "Mgustavo"]
[Result "0-1"]
[WhiteElo "1763"]
[BlackElo "1879"]

1. d4 d5 2. c4 dxc4 3. e4 b5 4. Nc3 b4 5. Qa4+ c6 6. Qxb4 e5 7. Qxc4 exd4 8.
Nce2 d3 9. Nc3 Ba6 10. Qa4 d2+ 0-1

[Event "Challenge"]
[Site "http://www.queenalice.com/game.php?id=151429"]
[Date "2007.1.8"]
[Round "-"]
[White "Mgustavo"]
[Black "pimpi"]
[Result "0-1"]
[WhiteElo "1831"]
[BlackElo "1910"]

1. d4 d5 2. Nc3 Nf6 3. Nf3 g6 4. Bf4 Bg7 5. Qd3 O-O 6. O-O-O Na6 7. e4 Nxe4 8.
Nxe4 Bf5 9. Qc3 dxe4 10. Bxa6 bxa6 11. Ng5 h6 12. Bxc7 Qd5 13. Nh3 Rac8 14. Nf4
Qb7 15. Qa5 Rxc7 16. c3 Rb8 17. Qa3 e3 18. fxe3 Qe4 19. Nd3 Qxe3+ 0-1